000
00213nam a22000857a 4500
008
170620b xxu||||| |||| 00| 0 eng d
100
_9
3585
_a
Prachi
245
_a
Edgeways English VII
260
_a
New Delhi
_b
Pranchi
_c
2011
999
_c
6971
_d
6971